Dog Breeds That Start With S - Statistics

General Stats
  • This quiz has been taken 25 times
  • The average score is 9 of 32
Answer Stats
Answer % Correct
Saluki
64%
Samoyed
64%
Shih Tzu
64%
Siberian Husky
64%
Saint Bernard
50%
Shetland Sheepdog
43%
Schipperke
36%
Scottish Terrier
36%
Sealyham Terrier
36%
Skye Terrier
36%
Staffordshire Bull Terrier
36%
Standard Schnauzer
36%
Shiba Inu
29%
Silky Terrier
29%
Soft Coated Wheaten Terrier
29%
Spanish Water Dog
29%
Sussex Spaniel
29%
Swedish Vallhund
29%
Scottish Deerhound
21%
Sloughi
21%
Spanish Mastiff
14%
Spinone Italiano
14%
Stabyhoun
14%
Swedish Lapphund
14%
Schapendoes
7%
Segugio Italiano
7%
Shikoku
7%
Slovakian Wirehaired Pointer
7%
Slovensky Cuvac
7%
Slovensky Kopov
7%
Small Munsterlander
7%
Smooth Fox Terrier
7%
No matching quizzes found
Score Distribution
Percent of People with Each Score
Percentile by Number Answered
Your Score History
You have not taken this quiz